000
00263nam a2200085Ia 4500
245
0
_a
Human resources management in education
100
_a
STEYN, G M. Pretoria, South Africa, 2012 3rd ed
_9
42148
942
_c
BK
008
210817s9999 xx 000 0 und d
999
_c
315779
_d
315778